Detalles MARC
| 000 -Cabecera |
| Campo de control de longitud fija |
01117aam a2200481 4500 |
| 005 - Fecha y hora de la última transacción |
| Campo de control |
20251107165654.0 |
| 008 - Elementos de longitud fija--Información general |
| Campo de control de longitud fija |
150529b2010 xxu||||| |||| 00| 0 spa d |
| 020 ## - International Standard Book Number |
| Número Internacional Estándar del Libro (ISBN) |
9788449440694 |
| 041 ## - Idioma |
| Código de idioma |
Español |
| 082 ## - Clasificación Decimal Dewey |
| Número de clasificación |
510 C574c |
| 245 ## - Título propiamente dicho |
| Título |
Cinco mil respuestas para aprender y aprobar 1 |
| 260 ## - Pie de imprenta |
| Lugar de publicación, distribución, etc. |
España |
| 260 ## - Pie de imprenta |
| Nombre del editor, distribuidor, etc. |
Editorial Océano |
| 260 ## - Pie de imprenta |
| Fecha de publicación, distribución, etc. |
2010 |
| 300 ## - Descripción física |
| Extensión |
332 páginas |
| 490 ## - Serie |
| Título de la Serie |
Temática General |
| 650 ## - Materia general |
| Temática (materia general) |
MATEMÁTICAS |
| 650 ## - Materia general |
| Temática (materia general) |
FÍSICA |
| 650 ## - Materia general |
| Temática (materia general) |
QUÍMICA |
| 650 ## - Materia general |
| Temática (materia general) |
TECNOLOGÍA |
| 650 ## - Materia general |
| Temática (materia general) |
COMPUTACIÓN |
| 650 ## - Materia general |
| Temática (materia general) |
ASTRONOMÍA |
| 650 ## - Materia general |
| Temática (materia general) |
ECUACIONES |
| 650 ## - Materia general |
| Temática (materia general) |
TABLA PERIÓDICA DE LOS ELEMENTOS |
| 650 ## - Materia general |
| Temática (materia general) |
ELECTRÓNICA |
| 650 ## - Materia general |
| Temática (materia general) |
ELECTRICIDAD |
| 650 ## - Materia general |
| Temática (materia general) |
TIPOS DE ENERGÍA |
| 650 ## - Materia general |
| Temática (materia general) |
PALANCAS |
| 650 ## - Materia general |
| Temática (materia general) |
POLEAS |
| 650 ## - Materia general |
| Temática (materia general) |
ELECTRODINÁMICA |
| 650 ## - Materia general |
| Temática (materia general) |
ACÚSTICA |
| 650 ## - Materia general |
| Temática (materia general) |
HIDROSTATICA |
| 650 ## - Materia general |
| Temática (materia general) |
GEOMETRÍA |
| 650 ## - Materia general |
| Temática (materia general) |
CORREO ELECTRÓNICO |
| 650 ## - Materia general |
| Temática (materia general) |
INTERNET |
| 650 ## - Materia general |
| Temática (materia general) |
METALES |
| 942 ## - Punto de acceso adicional KOHA |
| Tipo de ítem KOHA |
Libro |
| Fuente del sistema de clasificación o colocación |
Dewey Decimal Classification |